Responses for show #4573 - Wednesday, June 23, 2004

Ken Jennings game 16.

(Sarah: We're doing our best for Pan-American relations by bringing you clues from south of the border, next on Jeopardy!)

Contestants

[<< previous game]

Sarah Jane Woodall, a photographer from Las Vegas, Nevada

Cathy Weber, a veterinarian from Ann Arbor, Michigan

Ken Jennings, a software engineer from Salt Lake City, Utah (whose 15-day cash winnings total $486,959)

[next game >>]

Jeopardy! Round responses

RICHARD III
MUCH ADO ABOUT NOTHING
MEASURE FOR MEASURE
HAMLETS
THE "TEMP"-IST
SHAKESPEAREAN ACTORS
    $200 11
Westminster Abbey

Ken
    $200 26
None

Ken
    $200 21
a drop

Ken
    $200 6
Germany

Ken
    $200 16
tempura

Ken
    $200 1
(Kelsey) Grammer

Ken
    $400 12
the Tower of London

Ken
    $400 27
the Naked Chef

Ken
    $400 22
a ream

Sarah Jane
    $3,200 7
(Alex: Yes. Jimmy Carter was the President.)

Plains, Georgia

Ken
    $400 17
temptation

Cathy
    $400 2
Romeo

Ken
    $600 13
the Wars of the Roses

Ken
    $600 28
Empty

Ken
    $600 23
12

Ken
    $600 8
Tucson

Ken
    $600 18
temperance

Ken
    $600 3
King Lear

Ken
    $800 14
(Ken: What is the 16th?)
...
(Alex: [To Cathy, finally getting in at clue 14] That's right. Ha ha. Good for you.)

the 15th

KenCathy
    $800 29
invisible

Sarah Jane
    $800 24
(Ken: What is lu... albedo?)
(Cathy: What is luminosity?)

magnitude

KenCathy
Triple Stumper
    $800 9
Weehawken

Triple Stumper
    $800 19
a temperament

Ken
    $800 4
Sam Waterston

Ken
    $1000 15
(Ken: Who is Edward V?)
(Cathy: Who is Henry I?)

Henry VII

KenCathy
Triple Stumper
    $1000 30
a blank slate

Cathy
    $1000 25
a weber

Ken
    $1000 10
(Alex: James Fenimore Cooper. Right.)

Cooperstown

Ken
    $1000 20
a template

Cathy
    $1000 5
[Applause for Ken's run of the category]
(Alex: Well done. You ran the category, and you have $3,000 as a result.)

Judi Dench

Ken

Scores at the first commercial break (after clue 15):

Ken Cathy Sarah Jane
$7,400 -$200 $0

Scores at the end of the Jeopardy! Round:

Ken Cathy Sarah Jane
$11,200 $1,400 $1,200

Double Jeopardy! Round responses

MEXICO
THEIR LAST NO. 1 HIT
FITNESS
DEAR JOHN
INSECTIVORES
ON THE "LAM"
    $400 16
mariachi

Ken
    $400 1
Peter Gabriel

Ken
    $400 22
steps

Cathy
    $400 6
(John James) Audubon

Cathy
    $400 21
nocturnal

Sarah Jane
    $400 11
laminate

Sarah Jane
    $800 17
gasoline (or oil)

Ken
    $800 2
The Everly Brothers

Ken
    $800 27
heel-toe

Ken
    $800 7
John Glenn

Ken
    $800 23
(Ken: What are the canines?)

incisors

KenSarah Jane
    $800 12
lambda

Sarah Jane
    $1200 18
Ash Wednesday

Ken
    $1200 3
Herman's Hermits

Ken
    $1200 28
(Sarah Jane: What is trade off?)

work in

Sarah Jane
Triple Stumper
    $3,600 8
(Alex: [As Ken hits the Daily Double] It's discouraging, isn't it, Cathy and Sarah Jane? I know. I know exactly how you feel.)

John Deere

Ken
    $1200 24
the mole

Cathy
    $1200 13
Lampoon

Sarah Jane
    $1600 19
(Cathy: What is "oaks-SA-ca"?)
(Alex: We're gonna give you that one, uh, our judge is saying yes. It's pronounced "wa-HA-ka".)
(Cathy: Okay.)
(Alex: But that's okay. [*] earns you $1,600. Go again.)

Oaxaca

Cathy
    $1600 4
The Jackson 5

Sarah Jane
    $2,500 29
tai chi

Ken
    $1600 9
John Bunyan

Cathy
    $1600 25
Madagascar

Cathy
    $1600 14
Lamentations

Ken
    $2000 20
Maximilian

Triple Stumper
    $2000 5
Los Lobos

Ken
    $2000 30
spinning (or cycling)

Ken
    $2000 10
John Reed

Cathy
    $2000 26
the shrew

Cathy
    $2000 15
lambaste

Ken

Scores at the end of the Double Jeopardy! Round:

Ken Cathy Sarah Jane
$30,500 $12,200 $5,200
(lock game)

[wagering suggestions for these scores]

Final Jeopardy! Round responses

FAMOUS AMERICANS
(Alex: He eulogized them because they were dead. Which two famous Americans died about the same time?)
...
(Alex: [To Cathy] That's right. They both died on the same date, July 4, 1826.)
Sarah JaneWho are Lewis & Clark?
$5,200
CathyWho are Jefferson + Adams?
$1,000
KenWho are Lewis and Clark?
$4,500
Thomas Jefferson & John Adams

Final scores:

Ken Cathy Sarah Jane
$26,000 $13,200 $0
16-day champion: $512,959 2nd place: $2,000 3rd place: $1,000

Game dynamics:

Coryat scores:

Ken Cathy Sarah Jane
$24,400 $12,200 $5,200
35 R
(including 3 DDs),
4 W
12 R,
2 W
8 R,
1 W

Combined Coryat: $41,800

The J! Archive is created by fans, for fans. The Jeopardy! game show and all elements thereof, including but not limited to copyright and trademark thereto, are the property of Jeopardy Productions, Inc. and are protected under law. This website is not affiliated with, sponsored by, or operated by Jeopardy Productions, Inc. Join the discussion at JBoard.tv.